| 000 | 00589nam a2200181 a 4500 | ||
|---|---|---|---|
| 001 | BRCA_2780 | ||
| 005 | 20190320203951.0 | ||
| 008 | 081208s1956----waua---###---#000-0#eng-# | ||
| 050 | 4 |
_aHG5162 _b.I59 1956 |
|
| 245 | 1 | 0 |
_aInvestment in Mexico _bconditions and outlook for U.S. investors _cBureau of Foreign Commerce. |
| 260 |
_aWashington _bU. S. Government Printing Office _c1956 |
||
| 300 |
_a179 p. _bil. _c26 cm. |
||
| 500 | _aAA6 | ||
| 650 | 1 | 4 |
_aInversiones estadounidenses _zMéxico _97815 |
| 710 | 2 |
_aBureau of Foreign Commerce Estados Unidos _97816 |
|
| 902 | _aGFM | ||
| 942 |
_2lcc _cB |
||
| 999 |
_c2520 _d2520 |
||